00683nam a2200193 a 450000100100000000500170001000800410002702000150006804000250008310000210010824000350012924501630016426000290032730000210035649000170037758600530039470000250044783000170047200004404220201002045118.0140514s1978 sp 000 0 spa d a8430621075 aDO-SdBNPbspacBNPHU1 aGilman, Stephen.10aThe Spain of Fernando de Rojas13aLa España de Fernando de Rojas :bpanorama intelectual y social de La Celestina /cStephen Gilman ; versión española de Pedro Rodríguez Santidrián]. aMadrid :bTaurus,c1978. a534 p. ;c22 cm.1 aPersilesv71 aTraducción de: The Spain of Fernando de Rojas.12aPedro R Santidrían 0aPersilesv71